000 00468nam a22001937a 4500
003 MPLRDC
005 20220104183258.0
008 210129b ||||| |||| 00| 0 eng d
020 _a986-7480-46-5
082 _a820.9 LXL
100 _a李小龙等主编
245 _a中国文学史
_c
250 _a一版一刷
260 _a台湾
_b大地出版社
_c2006
300 _b
490 _aHISTORY. 16
650 _a中国文学史
942 _cBK
_o820.9 LXL
999 _c62336
_d62326